Avatar TLAB and LOK Characters as Pokémon - Statistics

General Stats
  • This quiz has been taken 186 times
    52 since last reset
  • The average score is 9 of 18
Answer Stats
Picture Answer % Correct
Zuko - Charizard
96%
Katara - Kingdra
93%
Sokka - Lucario
93%
Toph - Regirock
91%
Aang - Pikachu
84%
Azula - Luxray
71%
Mai - Gothorita
56%
Ty lee - Lopunny
56%
Korra - Gyarados
42%
Bolin - Rockruff
40%
Mako - Growlithe
40%
Asami - Eevee
38%
Yue - Cresselia
36%
Suki - Dewott
31%
Tenzin - Hawlucha
31%
Lin Beifong - Steelix
24%
Kyoshi - Mew Two
9%
Kuvira - Larvitar
7%
No matching quizzes found
Score Distribution
Percent of People with Each Score
Percentile by Number Answered
Your Score History
You have not taken this quiz since the last reset